000 00697nam a2200289Ia 4500
005 20260324150639.0
008 008 260324s9999 xx 000 0 eng d
020 _a9781315308197
037 _aEBOOK
040 _aCRL
040 _beng
040 _cCRL
041 _2eng
041 _aeng
084 _qCRL
100 _aI. M. Lewis
_91223726
245 0 _aPeoples of the Horn of Africa (Somali, Afar and Saho)
245 0 _bNorth Eastern Africa Part I
260 _bTaylor and Francis
260 _c1955
365 _a
365 _b230
856 _uhttp://www.taylorfrancis.com/books/9781315308197
942 _cEBOOK
999 _c1836957
_d1836957